000 00666nam a2200205Ia 4500
003 GCL
005 20240530103845.0
008 140319s9999 xx 000 0 ara d
040 _aGCL /
_cGCL
082 0 4 _a953.0962
_bق/م م
100 _aمحمد ابو طائله
245 1 0 _aمركز مصر الدولى من الفتح العثمانى الى الوقت الحاضر /
_cمحمد ابو طائله
250 _aط1
260 _bالمؤلف ،
_c1924
300 _a200 ص ؛
_c24 سم
650 0 4 _aالامبراطورية العثمانية
650 0 4 _aمصر - تاريخ
650 0 4 _aالعالم العربى - تاريخ
942 _2ddc
_cBK
999 _c43015
_d43015